000
00495nam a2200181Ia 4500
008
090124s9999 xx 000 0 und d
082
_b
127038
100
_a
तेंडुलकर प्रिया
245
_a
असं ही
250
_a
1
260
_c
1996
300
_a
158
600
_a
तेंडुलकर प्रिया
630
_a
असं ही
700
_a
तेंडुलकर प्रिया
730
_a
असं ही
942
_c
BOOK
999
_c
173127
_d
173127